000 00468nam a22001577a 4500
005 20251108171001.0
008 250721s1996 xx 000 0 ara d
082 1 4 _aط/عبد
100 1 _aعبد القدوس، إحسان
245 1 0 _aالتجربة الأولى /
264 1 _aالقاهرة :
_bدار أخبار اليوم - قطاع الثقافة،
_c1996.
300 _a180ص
650 1 7 _aالقصص العربية
942 _2ddc
_cBK
999 _c53658
_d53658